<?xml version="1.0" encoding="UTF-8"?>
<marc:record xmlns:marc="http://www.loc.gov/MARC21/slim">
   <marc:leader>00000nam a2200000 a 4500</marc:leader>
   <marc:datafield ind1="1" ind2=" " tag="100">
      <marc:subfield code="a">Bergmann, Wolfgang</marc:subfield>
      <marc:subfield code="4">aut</marc:subfield>
      <marc:subfield code="e">Verfasser/-in</marc:subfield>
   </marc:datafield>
   <marc:datafield ind1=" " ind2=" " tag="653">
      <marc:subfield code="a">Kind</marc:subfield>
   </marc:datafield>
   <marc:datafield ind1=" " ind2=" " tag="653">
      <marc:subfield code="a">Verhaltensstörung</marc:subfield>
   </marc:datafield>
   <marc:datafield ind1="0" ind2="0" tag="245">
      <marc:subfield code="a">Das Drama des modernen Kindes</marc:subfield>
   </marc:datafield>
   <marc:datafield ind1="0" ind2="0" tag="245">
      <marc:subfield code="b">Hyperaktivität, Magersucht, Selbstverletzung</marc:subfield>
   </marc:datafield>
   <marc:datafield ind1="0" ind2="0" tag="245">
      <marc:subfield code="c">Wolfgang Bergmann</marc:subfield>
   </marc:datafield>
   <marc:datafield ind1=" " ind2="1" tag="264">
      <marc:subfield code="a">Weinheim</marc:subfield>
      <marc:subfield code="b">Beltz</marc:subfield>
      <marc:subfield code="c">2006</marc:subfield>
   </marc:datafield>
   <marc:datafield ind1="1" ind2=" " tag="490">
      <marc:subfield code="a">Beltz-Taschenbuch</marc:subfield>
   </marc:datafield>
   <marc:datafield ind1="1" ind2=" " tag="520">
      <marc:subfield code="a">Angaben aus der Verlagsmeldung

Das Drama des modernen Kindes : Hyperaktivität, Magersucht, Selbstverletzung / von Wolfgang Bergmann

Wolfgang Bergmann zeichnet das Psychogramm einer Generation, die in hohem Maß durch die zeitgenössische Medienwelt mit ihren Bildern geprägt ist. Klar und schonungslos wirft er einen Blick hinter die Kulissen heutiger Kindheit und benennt die Ursachen für die zunehmenden Schwierigkeiten, in denen unsere Kinder stecken. Sie wirken, als seien sie ständig auf der Suche, manche sind impulsiv, hyperaktiv, andere ziehen sich ganz zurück, sie ritzen oder hungern sich manchmal bis zum Tode. Kinder einer halt- und schutzlosen Generation, Verstörte und Störenfriede in einer glitzernden und fälschenden Medienwelt. Wer sind diese Kinder und Jugendlichen, die häufig in auf den ersten Blick harmonischen Familien aufwachsen und denen doch etwas Entscheidendes fehlt? Wolfgang Bergmann gibt kulturpsychologische Erklärungsmuster, die helfen, Störungen zu erkennen und zu vermeiden. Ein unverzichtbares Buch für verantwortungsbewusste Eltern und Pädagogen. Gehirn &amp; Geist 6/2003: "Ein absolut lesenswertes Buch: spannend und gut verständlich geschrieben."
</marc:subfield>
   </marc:datafield>
   <marc:datafield ind1=" " ind2=" " tag="020">
      <marc:subfield code="a">9783407228918</marc:subfield>
      <marc:subfield code="9">9783407228918</marc:subfield>
   </marc:datafield>
   <marc:datafield ind1=" " ind2=" " tag="020">
      <marc:subfield code="a">3407228910</marc:subfield>
      <marc:subfield code="9">3407228910</marc:subfield>
   </marc:datafield>
   <marc:datafield ind1=" " ind2=" " tag="041">
      <marc:subfield code="a">ger</marc:subfield>
   </marc:datafield>
   <marc:datafield ind1=" " ind2=" " tag="300">
      <marc:subfield code="a">204 S.</marc:subfield>
   </marc:datafield>
</marc:record>
